[Event "AUT-chT2W 1617"]
[Site "Austria"]
[Date "2016.10.29"]
[Round "2.1"]
[White "Bezler, Rainer"]
[Black "Novkovic, Milan"]
[Result "1/2-1/2"]
[WhiteElo "2234"]
[BlackElo "2371"]
[PlyCount "42"]
[EventDate "2016.10.28"]
[EventType "team-tourn"]
[EventRounds "11"]
[EventCountry "AUT"]
[SourceTitle "EXT 2017"]
[Source "ChessBase"]
[SourceDate "2016.10.25"]
[SourceVersion "1"]
[SourceVersionDate "2016.10.25"]
[SourceQuality "1"]
[WhiteTeam "Bregenz II"]
[BlackTeam "Dornbirn"]
[WhiteTeamCountry "AUT"]
[BlackTeamCountry "AUT"]

1. e4 c5 2. Nf3 e6 3. d4 cxd4 4. Nxd4 Nf6 5. Nc3 d6 6. Be3 a6 7. f3 b5 8. Qd2 Bb7 9. g4 Nfd7 10. 0-0-0 Nb6 11. a3 N8d7 12. Kb1 Ne5 13. Qe1 Be7 14. h4 Rc8 15. Bc1 Qc7 16. g5 Nec4 17. Bxc4 Nxc4 18. Rd3 Ne5 19. Rd1 Nc4 20. Rd3 Ne5 21. Rd1 Nc4 1/2-1/2

[Event "AUT-chT2W 1617"]
[Site "Austria"]
[Date "2016.10.28"]
[Round "1.1"]
[White "Froewis, Georg"]
[Black "Novkovic, Milan"]
[Result "1/2-1/2"]
[WhiteElo "2463"]
[BlackElo "2371"]
[PlyCount "99"]
[EventDate "2016.10.28"]
[EventType "team-tourn"]
[EventRounds "11"]
[EventCountry "AUT"]
[SourceTitle "EXT 2017"]
[Source "ChessBase"]
[SourceDate "2016.10.25"]
[SourceVersion "1"]
[SourceVersionDate "2016.10.25"]
[SourceQuality "1"]
[WhiteTeam "Hohenems II"]
[BlackTeam "Dornbirn"]
[WhiteTeamCountry "AUT"]
[BlackTeamCountry "AUT"]

1. Nf3 e6 2. c4 c5 3. g3 b6 4. Bg2 Bb7 5. 0-0 Nf6 6. Nc3 Be7 7. Re1 a6 8. e4 d6 9. d4 cxd4 10. Nxd4 Qc7 11. Be3 Nbd7 12. f4 Rc8 13. Rc1 0-0 14. g4 Nc5 15. Bf2 g6 16. f5 e5 17. Nc2 gxf5 18. exf5 Bxg2 19. Kxg2 Qb7+ 20. Nd5 Nxd5 21. cxd5 Kh8 22. Nb4 Rg8 23. h3 a5 24. Nc6 Bg5 25. Rc2 f6 26. Bxc5 dxc5 27. Qf3 Rg7 28. a3 Rd7 29. b4 cxb4 30. axb4 Qa6 31. bxa5 bxa5 32. Ra2 a4 33. Ree2 Qc4 34. Qe4 Qxe4+ 35. Rxe4 Ra8 36. Rexa4 Rxa4 37. Rxa4 Rxd5 38. Ra8+ Kg7 39. Ra7+ Kh8 40. Ra8+ Kg7 41. Rd8 Rxd8 42. Nxd8 h5 43. Ne6+ Kh6 44. Kf3 Bh4 45. Ke4 hxg4 46. hxg4 Be1 47. Kf3 Bb4 48. Nc7 Kg5 49. Ke4 Ba5 50. Nd5 1/2-1/2

[Event "AUT-chT2W 1516"]
[Site "Austria"]
[Date "2016.03.05"]
[Round "10.5"]
[White "Novkovic, Milan"]
[Black "Brumen, Dinko"]
[Result "1/2-1/2"]
[WhiteElo "2384"]
[BlackElo "2359"]
[PlyCount "67"]
[EventDate "2015.10.16"]
[EventType "team-tourn"]
[EventRounds "11"]
[EventCountry "AUT"]
[SourceTitle "EXT 2017"]
[Source "ChessBase"]
[SourceDate "2016.10.25"]
[SourceVersion "1"]
[SourceVersionDate "2016.10.25"]
[SourceQuality "1"]
[WhiteTeam "Dornbirn"]
[BlackTeam "Schwarzach"]
[WhiteTeamCountry "AUT"]
[BlackTeamCountry "AUT"]

1. d4 Nf6 2. Nf3 e6 3. c4 d5 4. Nc3 Nbd7 5. cxd5 exd5 6. Bg5 c6 7. e3 Be7 8. Qc2 Nf8 9. Bd3 Ng6 10. 0-0-0 a5 11. h3 a4 12. Kb1 Be6 13. Rc1 Qa5 14. Ne5 a3 15. b3 c5 16. f4 c4 17. bxc4 Nxe5 18. dxe5 dxc4 19. Bxc4 Bxc4 20. exf6 gxf6 21. Bh4 0-0 22. Ka1 Rfd8 23. Rhd1 Rxd1 24. Qxd1 Qb4 25. Qc2 Qb2+ 26. Qxb2 axb2+ 27. Kxb2 Ba3+ 28. Kc2 Bxc1 29. Kxc1 Bxa2 30. Bxf6 Bc4 31. g4 b5 32. Bd4 Ra1+ 33. Kb2 Ra6 34. Ne4 1/2-1/2

[Event "Oberliga Wuerttemberg 1516"]
[Site "Wuerttemberg"]
[Date "2015.12.13"]
[Round "4.1"]
[White "Novkovic, Milan"]
[Black "Braun, Georg"]
[Result "1-0"]
[WhiteElo "2374"]
[BlackElo "2275"]
[PlyCount "69"]
[EventDate "2015.09.20"]
[EventType "team-tourn"]
[EventRounds "9"]
[EventCountry "GER"]
[SourceTitle "EXT 2019"]
[Source "ChessBase"]
[SourceDate "2018.10.10"]
[SourceVersion "1"]
[SourceVersionDate "2018.10.10"]
[SourceQuality "1"]
[WhiteTeam "Sontheim/Brenz"]
[BlackTeam "Bebenhausen"]
[WhiteTeamCountry "GER"]
[BlackTeamCountry "GER"]

1. d4 Nf6 2. Nf3 g6 3. Nbd2 d5 4. e3 Bg7 5. b4 c6 6. c4 a5 7. b5 cxb5 8. cxb5 a4 9. Bd3 0-0 10. Ba3 Re8 11. 0-0 Bf5 12. Bxf5 gxf5 13. Qc2 Ne4 14. Rfc1 Qa5 15. Rab1 e6 16. Nxe4 fxe4 17. Ng5 h6 18. Nh3 b6 19. Nf4 Nd7 20. Nh5 Nf6 21. Nxg7 Kxg7 22. Bb4 Qa7 23. Qc7 Rec8 24. Qxc8 Rxc8 25. Rxc8 Kg6 26. a3 Qd7 27. Rc6 Qd8 28. Bd6 Ne8 29. Bf4 Kf5 30. Rbc1 f6 31. Bc7 Nxc7 32. Rxc7 Qd6 33. Rg7 h5 34. h3 h4 35. g4+ 1-0

[Event "AUT-chT2W 1516"]
[Site "Austria"]
[Date "2015.11.29"]
[Round "5.1"]
[White "Georgiev, Georgi"]
[Black "Novkovic, Milan"]
[Result "0-1"]
[WhiteElo "2107"]
[BlackElo "2384"]
[PlyCount "100"]
[EventDate "2015.10.16"]
[EventType "team-tourn"]
[EventRounds "11"]
[EventCountry "AUT"]
[SourceTitle "EXT 2017"]
[Source "ChessBase"]
[SourceDate "2016.10.25"]
[SourceVersion "1"]
[SourceVersionDate "2016.10.25"]
[SourceQuality "1"]
[WhiteTeam "Voels/Innsbruck"]
[BlackTeam "Dornbirn"]
[WhiteTeamCountry "AUT"]
[BlackTeamCountry "AUT"]

1. d4 d5 2. Nf3 Nf6 3. Bf4 c5 4. c3 e6 5. e3 Nc6 6. Nbd2 Bd6 7. Ne5 Qc7 8. Bb5 0-0 9. Ndf3 Nh5 10. Bxc6 Nxf4 11. Ba4 Nh5 12. Bc2 Nf6 13. Qb1 b5 14. 0-0 a5 15. Qd1 Ba6 16. Re1 b4 17. a3 bxc3 18. bxc3 Ne4 19. c4 cxd4 20. exd4 Bxc4 21. Nxc4 Qxc4 22. Nd2 Nxd2 23. Qxd2 Rfc8 24. Rec1 Qa6 25. a4 Qa7 26. Bd3 g6 27. Bb5 Bf8 28. g3 Bg7 29. Rxc8+ Rxc8 30. Rd1 Bf8 31. Qe3 Rc2 32. Rd2 Rxd2 33. Qxd2 Bg7 34. Kg2 Bxd4 35. h4 h5 36. f3 Qc5 37. g4 hxg4 38. fxg4 Qc3 39. Qe2 Qb2 40. Kf3 Qxe2+ 41. Kxe2 Kf8 42. g5 Ke7 43. Kf3 e5 44. Bc6 Ke6 45. Bb7 e4+ 46. Kg4 f5+ 47. gxf6 Bxf6 48. Bc6 Ke5 49. Be8 d4 50. Bb5 d3 0-1